00664 2200253 4500001002100000005001500021035002000036245005400056100001100110250001800121300002200139260003700161082001100198084001700209020002200226650004200248650002400290008004100314990001100355990001100366990001100377990001100388990001100399INLIS00000000000136120260416091139 a0010-09180006671 aPaham dan Kepercayaan Muslim Bugis Bone /cSarjan0 aSarjan aEd. 1; Cet. 1 a103 hlm. ;c25 cm aJakarta Selatan :bYameka,c2008 a297.37 a297.37 SAR p a978-979-130-201-4 4aKhotbah, Khutbah, Ceramah Agama Islam 4aKoleksi Karya Lokal260416 0  a2997.1 a2997.2 a2997.3 a2997.4 a2997.5